| 000 | 00551nam a2200217 a 4500 | ||
|---|---|---|---|
| 001 | 430 | ||
| 003 | CO-ViMGA | ||
| 008 | 141112s2004 ck r 000 u spa d | ||
| 040 |
_aCO-ViMGA _bspa _cCO-ViMGA |
||
| 082 | 0 | 4 | _a370.152 P491 |
| 100 | 1 |
_aPizarro, Fina _948226 |
|
| 245 | 1 | 0 | _aAprenda a razonar |
| 250 | _a3a | ||
| 260 |
_aMexico : _bLongman, _c1993 |
||
| 300 | _a137 p : il | ||
| 490 | _aBiblioteca de recursos didácticos Alhambra | ||
| 650 | 1 | 4 |
_aHIPOTESIS _948227 |
| 650 | 1 | 4 | _aLENGUAJE |
| 650 | 1 | 4 |
_aRAZONAMIENTO _95746 |
| 942 |
_2ddc _cBK |
||
| 999 |
_c12672 _d12672 |
||